| 000 | 00407nam a2200169Ia 4500 | ||
|---|---|---|---|
| 001 | 12263 | ||
| 003 | IN-NITTTR | ||
| 005 | 20251114233115.0 | ||
| 008 | 251113s9999||||xx |||||||||||||| ||eng|| | ||
| 040 | _beng | ||
| 040 | _cIN-NITTTR | ||
| 041 | _aeng | ||
| 082 | _a891. 4300301 B469S H | ||
| 100 | _aBhandari, Mannu | ||
| 245 | 0 |
_aMannu Bhandari ;Sreshath Kahaniya. / _cBhandari, Mannu |
|
| 942 |
_2ddc _cBK |
||
| 999 |
_c14899 _d14899 |
||